Winter White Houses - Statistics

General Stats
  • This quiz has been taken 8 times
  • The average score is 7 of 10
Answer Stats
Property Name Location Answer % Correct
Mar-a-Lago Palm Beach, Florida Donald Trump
100%
Plantation Estate Kailua, Hawaii Barack Obama
88%
Howard E. Coffin Estate Sapelo Island, Georgia Calvin Coolidge
63%
______ Cabin, Augusta National Golf Club Augusta, Georgia Dwight D. Eisenhower
63%
Little White House Warm Springs, Georgia Franklin D. Roosevelt
63%
____ Little White House Key West, Florida Harry S. Truman
63%
La Querida Palm Beach, Florida John F. Kennedy
63%
_____'s Florida White House Key Biscayne, Florida Richard Nixon
63%
John Ringling Estate Bird Key, Florida Warren G. Harding
63%
Beaulieu Pass Christian, Mississippi Woodrow Wilson
63%
No matching quizzes found
Score Distribution
Percent of People with Each Score
Percentile by Number Answered
Your Score History
You have not taken this quiz